| 000 | 00885nam a2200265 a 4500 | ||
|---|---|---|---|
| 001 | BRCA_5846 | ||
| 005 | 20190320205234.0 | ||
| 008 | 150311s1938----enkao#####---#000-0#eng-# | ||
| 041 | _aebg | ||
| 044 | _aenk | ||
| 050 | 4 |
_aNK7495 _b.C47 1938 |
|
| 100 | 1 |
_aCescinsky, Herbert _914805 |
|
| 245 | 1 | 0 |
_aThe old English master clockmakers and their clock, 1670-1820 _cHerbert Cescinsky. |
| 260 |
_aLondres _bG. Routledge _c1938 |
||
| 300 |
_axii, 182 p. _bil., 275 fotografías _c25 cm. |
||
| 500 | _aIncluye índice de creadores, índice alfabético y glosario | ||
| 500 | _aLa biblioteca cuenta con 2 ejemplares con el mismo número de inventario | ||
| 500 | _aEstado físico: ejemplar 2 con camisa deteriorada | ||
| 500 | _aG42 | ||
| 650 | 1 | 4 |
_aRelojes _zInglaterra _914806 |
| 650 | 1 | 4 |
_aRelojes _xHistoria _914807 |
| 650 | 1 | 4 |
_aRelojeros _92107 |
| 902 | _aGFM | ||
| 942 |
_2lcc _cB |
||
| 999 |
_c5535 _d5535 |
||